[Event "Rubinstein Memorial op-C 57th"]
[Site "Polanica Zdroj"]
[Date "2021.08.19"]
[Round "6"]
[White "Lada, Ireneusz"]
[Black "Radzicki, Wieslaw"]
[Result "1-0"]
[WhiteElo "1912"]
[BlackElo "1789"]
[PlyCount "74"]
[EventDate "2021.08.14"]
[EventType "swiss"]
[EventRounds "9"]
[EventCountry "POL"]
[SourceTitle "EXT 2023"]
[Source "ChessBase"]
[SourceDate "2022.10.05"]
[SourceVersion "1"]
[SourceVersionDate "2022.10.05"]
[SourceQuality "1"]

1. c4 c6 2. Nf3 Nf6 3. g3 d6 4. Bg2 e5 5. d3 Be7 6. 0-0 0-0 7. Nc3 a5 8. h3 Nbd7 9. e4 Nc5 10. Be3 Qc7 11. Qc2 Ne6 12. d4 Re8 13. Rac1 Bd7 14. Rfd1 c5 15. dxe5 dxe5 16. Nd5 Nxd5 17. cxd5 Nf8 18. Qc3 Rac8 19. Qxe5 Bd6 20. Qh5 Rxe4 21. Ng5 Re7 22. Ne4 Re5 23. Qf3 Ng6 24. Nxd6 Qxd6 25. h4 h5 26. Qe2 b6 27. Bf3 Rce8 28. Kg2 f5 29. Qd2 Rf8 30. Bg5 Be8 31. Re1 f4 32. Rxe5 Nxe5 33. Bxf4 Nxf3 34. Kxf3 Bc6 35. Rd1 Rf5 36. dxc6 Qxc6+ 37. Ke2 Qd7 1-0

[Event "Pardubice op rapid 28th"]
[Site "Pardubice"]
[Date "2017.07.19"]
[Round "1"]
[White "Lederman, Leon S"]
[Black "Radzicki, Wieslaw"]
[Result "1-0"]
[WhiteElo "2260"]
[BlackElo "1758"]
[PlyCount "132"]
[EventDate "2017.07.19"]
[EventType "swiss (rapid)"]
[EventRounds "9"]
[EventCountry "CZE"]
[SourceTitle "CBM 179 Extra"]
[Source "ChessBase"]
[SourceDate "2017.08.23"]
[SourceVersion "1"]
[SourceVersionDate "2017.08.23"]
[SourceQuality "1"]

1. e4 e5 2. Nf3 Nf6 3. Nxe5 d6 4. Nf3 Nxe4 5. Nc3 Nf6 6. d4 Be7 7. h3 0-0 8. Bd3 b6 9. 0-0 Bb7 10. Re1 Re8 11. Bg5 Nbd7 12. Nh4 Bf8 13. Nf5 Rxe1+ 14. Qxe1 c5 15. Qd2 cxd4 16. Nxd4 Ne5 17. Be4 Bxe4 18. Bxf6 Qxf6 19. Nxe4 Qg6 20. Re1 Rc8 21. b3 h6 22. f4 Nc6 23. Nf3 d5 24. Nf2 d4 25. Nd3 a5 26. Kh2 Nb4 27. Nxd4 Nxd3 28. Qxd3 Qxd3 29. cxd3 Rd8 30. Nc6 Rxd3 31. Re8 g6 32. Rb8 Rd2 33. a4 g5 34. Rxb6 gxf4 35. Ne5 Bc5 36. Rxh6 Bf2 37. h4 Bg3+ 38. Kh3 Kg7 39. Ra6 f5 40. Rg6+ Kh7 41. Rg5 Rd1 42. Rxf5 Rh1+ 43. Kg4 Rxh4+ 44. Kf3 Rh1 45. Nd3 Rb1 46. Rb5 Rf1+ 47. Kg4 Rg1 48. Nxf4 Bxf4 49. Kxf4 Rxg2 50. Ke4 Rg3 51. Kd5 Kg6 52. Kc6 Kf6 53. Kb6 Ke7 54. Kxa5 Kd6 55. Kb6 Kd7 56. Kb7 Rc3 57. a5 Rc7+ 58. Ka6 Kc8 59. b4 Rc6+ 60. Ka7 Rc7+ 61. Ka8 Rc6 62. Rc5 Rc7 63. Rxc7+ Kxc7 64. b5 Kc8 65. b6 Kd7 66. b7 Kc7 1-0

[Event "Liberec op 17th"]
[Site "Liberec"]
[Date "2017.02.26"]
[Round "2"]
[White "Radzicki, Wieslaw"]
[Black "Struhar, Viktor"]
[Result "1-0"]
[WhiteElo "1703"]
[BlackElo "1368"]
[PlyCount "35"]
[EventDate "2017.02.25"]
[EventType "swiss"]
[EventRounds "9"]
[EventCountry "CZE"]
[SourceTitle "CBM 177 Extra"]
[Source "ChessBase"]
[SourceDate "2017.04.27"]
[SourceVersion "1"]
[SourceVersionDate "2017.04.27"]
[SourceQuality "1"]

1. e4 e5 2. Nf3 d6 3. Bc4 Qf6 4. d3 h6 5. Be3 c6 6. c3 Bg4 7. Nbd2 Ne7 8. 0-0 Nd7 9. d4 b5 10. Be2 a6 11. a4 Ng6 12. axb5 cxb5 13. Bxb5 Be7 14. h3 Bxf3 15. Nxf3 a5 16. Qa4 Ra7 17. dxe5 Ngxe5 18. Nxe5 1-0

[Event "POL-ch Amateur"]
[Site "Wroclaw"]
[Date "2013.??.??"]
[Round "5"]
[White "Grzesik, Norbert"]
[Black "Radzicki, Wieslaw"]
[Result "0-1"]
[WhiteElo "1924"]
[BlackElo "1738"]
[PlyCount "74"]
[EventDate "2013.06.??"]
[EventType "swiss"]
[EventRounds "9"]
[EventCountry "POL"]
[SourceTitle "EXT 2014"]
[Source "ChessBase"]
[SourceDate "2013.11.20"]
[SourceVersion "1"]
[SourceVersionDate "2013.11.20"]
[SourceQuality "1"]

1. e4 e5 2. Nf3 Nf6 3. Nxe5 d6 4. Nf3 Nxe4 5. Nc3 Nf6 6. d4 Be7 7. d5 Bg4 8. h3 Bh5 9. Be3 Nbd7 10. Be2 a6 11. Qd2 Bg6 12. 0-0-0 Ne4 13. Nxe4 Bxe4 14. Qb4 Bxf3 15. Bxf3 b5 16. Rde1 0-0 17. h4 Bf6 18. g4 a5 19. Qd2 Bxb2+ 20. Kxb2 Qf6+ 21. Bd4 Qxf3 22. Rhg1 Qxd5 23. f4 Nb6 24. Qf2 c5 25. Be3 Rfe8 26. Rd1 Qe4 27. Bd2 Qe2 28. Qg3 Nc4+ 29. Kc1 Qe4 30. Rge1 Qc6 31. h5 Rxe1 32. Bxe1 Re8 33. h6 gxh6 34. Qh4 Qe4 35. Qh2 Qxe1 36. Qxh6 Qe3+ 37. Kb1 Qc3 0-1

[Event "POL-ch Amateur"]
[Site "Wroclaw"]
[Date "2013.??.??"]
[Round "4"]
[White "Radzicki, Wieslaw"]
[Black "Malinowski, Damian"]
[Result "1/2-1/2"]
[WhiteElo "1738"]
[BlackElo "1893"]
[PlyCount "90"]
[EventDate "2013.06.??"]
[EventType "swiss"]
[EventRounds "9"]
[EventCountry "POL"]
[SourceTitle "EXT 2014"]
[Source "ChessBase"]
[SourceDate "2013.11.20"]
[SourceVersion "1"]
[SourceVersionDate "2013.11.20"]
[SourceQuality "1"]

1. d4 d5 2. Nf3 c6 3. c4 Nf6 4. Qc2 a6 5. Ne5 dxc4 6. Qxc4 Be6 7. Qd3 Nbd7 8. e4 Nxe5 9. dxe5 Qa5+ 10. Qc3 Qxc3+ 11. Nxc3 Nd7 12. f4 g6 13. Be2 Bg7 14. 0-0 f5 15. exf6 Nxf6 16. Be3 0-0 17. Rad1 Rfd8 18. Bb6 Rxd1 19. Rxd1 Nd7 20. Be3 b5 21. a3 a5 22. e5 b4 23. Ne4 Bd5 24. Nc5 Nxc5 25. Bxc5 bxa3 26. bxa3 e6 27. Rb1 Bf8 28. Bxf8 Rxf8 29. g3 Rc8 30. Kf2 c5 31. Ke3 Rc7 32. Rb5 c4 33. Kd2 c3+ 34. Kc1 a4 35. Bd3 c2 36. Rb2 Rc3 37. Bxc2 Rxa3 38. Rb4 Ra1+ 39. Rb1 Ra3 40. Rb4 Rf3 41. Rxa4 Rf1+ 42. Kb2 Rf2 43. Kc1 Rxh2 44. Ra3 Kg7 45. Re3 h5 1/2-1/2

[Event "Wroclaw Cup-B"]
[Site "Wroclaw"]
[Date "2012.05.01"]
[Round "2"]
[White "Radzicki, Wieslaw"]
[Black "Maczka, Miroslawa"]
[Result "1-0"]
[WhiteElo "1793"]
[BlackElo "1585"]
[PlyCount "47"]
[EventDate "2012.04.30"]
[EventType "swiss"]
[EventRounds "9"]
[EventCountry "POL"]
[SourceTitle "EXT 2013"]
[Source "ChessBase"]
[SourceDate "2012.11.22"]
[SourceVersion "1"]
[SourceVersionDate "2012.11.22"]
[SourceQuality "1"]

1. Nf3 c5 2. c4 Nc6 3. Nc3 e6 4. g3 Nf6 5. Bg2 d5 6. cxd5 exd5 7. d4 Bg4 8. Bg5 Qb6 9. 0-0 0-0-0 10. dxc5 Bxc5 11. Na4 Qa5 12. Nxc5 Qxc5 13. Rc1 Qd6 14. Nd4 Rhe8 15. Nxc6 bxc6 16. Qa4 Re6 17. Bxf6 Bxe2 18. Bxd8 Bxf1 19. Bxf1 Kxd8 20. Qxa7 d4 21. Qxf7 d3 22. Bxd3 Rf6 23. Qg8+ Rf8 24. Qxh7 1-0

[Event "Wroclaw Cup-B"]
[Site "Wroclaw"]
[Date "2012.05.01"]
[Round "4"]
[White "Radzicki, Wieslaw"]
[Black "Szczepaniak, Lukasz"]
[Result "1/2-1/2"]
[WhiteElo "1793"]
[BlackElo "1416"]
[PlyCount "122"]
[EventDate "2012.04.30"]
[EventType "swiss"]
[EventRounds "9"]
[EventCountry "POL"]
[SourceTitle "EXT 2013"]
[Source "ChessBase"]
[SourceDate "2012.11.22"]
[SourceVersion "1"]
[SourceVersionDate "2012.11.22"]
[SourceQuality "1"]

1. d4 d5 2. c4 e6 3. g3 Nf6 4. Bg2 Be7 5. Nf3 0-0 6. 0-0 c6 7. Ne5 Nbd7 8. Nxd7 Bxd7 9. b3 Bd6 10. Nc3 Re8 11. e4 dxe4 12. Nxe4 Nxe4 13. Bxe4 e5 14. Qc2 f5 15. Bxf5 Bxf5 16. Qxf5 exd4 17. Bg5 Be7 18. Bf4 Bf6 19. Rfe1 Qc8 20. Qxc8 Raxc8 21. Rxe8+ Rxe8 22. Kf1 Kf7 23. Re1 Rd8 24. Be5 Re8 25. Bf4 Re6 26. Rxe6 Kxe6 27. Ke2 Be5 28. Bd2 c5 29. Kd3 b6 30. Ke4 g6 31. h3 h5 32. a3 Bc7 33. b4 Bb8 34. g4 hxg4 35. hxg4 Bc7 36. Bg5 Bh2 37. f4 Bg1 38. b5 Bf2 39. Bd8 Kd7 40. Bf6 Be3 41. Be5 Bc1 42. a4 Bd2 43. f5 gxf5+ 44. gxf5 Bh6 45. Bb8 Kc8 46. Bg3 Kd7 47. Be1 Bg5 48. a5 bxa5 49. Bxa5 Kc8 50. Be1 Kb7 51. Bg3 a6 52. bxa6+ Kxa6 53. Be5 Ka5 54. f6 Kb4 55. f7 Be7 56. Kd3 Bf8 57. Bf4 Kb3 58. Bd2 Bg7 59. Bf4 Bf8 60. Be5 Kb4 61. Bf6 Kb3 1/2-1/2

[Event "Wroclaw Cup-B"]
[Site "Wroclaw"]
[Date "2012.04.30"]
[Round "1"]
[White "Lipski, Lukasz"]
[Black "Radzicki, Wieslaw"]
[Result "0-1"]
[WhiteElo "1495"]
[BlackElo "1793"]
[PlyCount "64"]
[EventDate "2012.04.30"]
[EventType "swiss"]
[EventRounds "9"]
[EventCountry "POL"]
[SourceTitle "EXT 2013"]
[Source "ChessBase"]
[SourceDate "2012.11.22"]
[SourceVersion "1"]
[SourceVersionDate "2012.11.22"]
[SourceQuality "1"]

1. e4 e5 2. Nf3 Nc6 3. Bb5 Bc5 4. 0-0 d6 5. c3 a6 6. Bxc6+ bxc6 7. Qa4 Ne7 8. d4 exd4 9. cxd4 Bb6 10. Nc3 0-0 11. Bg5 Bd7 12. Qc2 Bg4 13. Na4 Bxf3 14. gxf3 Bxd4 15. Bxe7 Qxe7 16. Qxc6 Qg5+ 17. Kh1 Qf4 18. Rg1 Qxf3+ 19. Rg2 h5 20. Qd5 Be5 21. Re1 c6 22. Qxc6 Rac8 23. Qxa6 h4 24. Qe2 Qf4 25. f3 Rc6 26. Rg4 Qf6 27. Qf2 Rfc8 28. Rxh4 Rc2 29. Re2 Rxe2 30. Qxe2 Rc1+ 31. Kg2 Qxh4 32. f4 Qxf4 0-1

[Event "Rewal op-B 16th"]
[Site "Rewal"]
[Date "2011.08.23"]
[Round "4"]
[White "Radzicki, Wieslaw"]
[Black "Bilczewski, Kacper"]
[Result "1-0"]
[WhiteElo "1820"]
[BlackElo "1531"]
[PlyCount "91"]
[EventDate "2011.08.18"]
[EventType "swiss"]
[EventRounds "9"]
[EventCountry "POL"]
[SourceTitle "CBM 144 Extra"]
[Source "ChessBase"]
[SourceDate "2011.10.28"]
[SourceVersion "1"]
[SourceVersionDate "2011.10.28"]
[SourceQuality "1"]

1. Nf3 d5 2. d4 Nf6 3. c4 e6 4. g3 Be7 5. Bg2 0-0 6. 0-0 dxc4 7. Ne5 Nbd7 8. Nxc4 Nb6 9. Na5 c6 10. Nc3 Nbd5 11. Nb3 Nxc3 12. bxc3 Qc7 13. Bf4 Bd6 14. Bxd6 Qxd6 15. a4 e5 16. a5 exd4 17. cxd4 Be6 18. Nc5 b6 19. Nxe6 Qxe6 20. Qc2 Rac8 21. axb6 axb6 22. Ra6 Nd5 23. Rb1 c5 24. Qc4 Nf4 25. Qxe6 Nxe6 26. d5 Nc7 27. Raxb6 Rfd8 28. e4 Ne8 29. e5 c4 30. Rc6 Rxc6 31. dxc6 c3 32. Rc1 Rc8 33. Rxc3 Kf8 34. Bh3 Rc7 35. Bd7 Ke7 36. f4 g6 37. Kf2 f6 38. g4 fxe5 39. fxe5 Ng7 40. Kf3 Ne6 41. Bxe6 Kxe6 42. Ke4 Rc8 43. c7 h5 44. Rc6+ Kd7 45. Rxg6 Rxc7 46. Rg7+ 1-0

[Event "Wroclaw op-B 6th"]
[Site "Wroclaw"]
[Date "2011.07.04"]
[Round "1"]
[White "Radzicki, Wieslaw"]
[Black "Nowakowski, Artur"]
[Result "0-1"]
[WhiteElo "1820"]
[BlackElo "1631"]
[PlyCount "54"]
[EventDate "2011.07.04"]
[EventType "swiss"]
[EventRounds "9"]
[EventCountry "POL"]
[SourceTitle "EXT 2023"]
[Source "ChessBase"]
[SourceDate "2022.10.05"]
[SourceVersion "1"]
[SourceVersionDate "2022.10.05"]
[SourceQuality "1"]

1. c4 e5 2. e3 Nf6 3. Nc3 Be7 4. b3 d5 5. d4 exd4 6. exd4 0-0 7. Nf3 Bb4 8. Bd2 Re8+ 9. Be2 dxc4 10. 0-0 cxb3 11. axb3 Nbd7 12. Bd3 Nb6 13. h3 Nbd5 14. Nxd5 Nxd5 15. Ng5 g6 16. Qf3 f6 17. Bxb4 Nxb4 18. Bc4+ Kg7 19. Rfe1 Nc2 20. Rxe8 Qxe8 21. Ne4 Bf5 22. Nxf6 Kxf6 23. Ra5 Qe4 24. Qg3 Nxd4 25. Qxc7 Qe7 26. Rxf5+ Nxf5 27. Qf4 Qe1+ 0-1

[Event "Kochan Memorial op-A 20th"]
[Site "Koszalin"]
[Date "2009.08.13"]
[Round "8"]
[White "Jedruszek, Krzysztof"]
[Black "Radzicki, Wieslaw"]
[Result "1-0"]
[WhiteElo "2022"]
[BlackElo "1943"]
[PlyCount "79"]
[EventDate "2009.08.06"]
[EventType "swiss"]
[EventRounds "9"]
[EventCountry "POL"]
[SourceTitle "CBM 131 Extra"]
[Source "ChessBase"]
[SourceDate "2009.09.03"]
[SourceVersion "2"]
[SourceVersionDate "2009.09.16"]
[SourceQuality "1"]

1. d4 d5 2. c4 c6 3. Nc3 Nf6 4. Nf3 dxc4 5. a4 Bf5 6. Ne5 e6 7. Nxc4 Nbd7 8. g3 Nb6 9. Na5 Rb8 10. Bg2 Nbd5 11. Nc4 Bb4 12. Bd2 Bxc3 13. bxc3 0-0 14. f3 Nb6 15. Ne5 Nfd7 16. a5 Nc8 17. Nxd7 Qxd7 18. e4 Bg6 19. Bf4 Ra8 20. 0-0 Nd6 21. Qb3 b5 22. axb6 axb6 23. Qxb6 Rab8 24. Qc5 Nb7 25. Qa7 Rbd8 26. Rfb1 Nd6 27. Qxd7 Rxd7 28. Ra6 Rc8 29. Rbb6 Kf8 30. Rxc6 Rxc6 31. Rxc6 Nb5 32. Bf1 Na7 33. Ra6 f6 34. Rxe6 Bf7 35. Rb6 g5 36. Bd6+ Kg7 37. Bc5 Nc8 38. Rb8 Na7 39. Ba6 Nc6 40. Rb7 1-0

[Event "Polanica Zdroj op-B 44th"]
[Site "Polanica Zdroj"]
[Date "2008.08.27"]
[Round "9"]
[White "Labuda, Michal"]
[Black "Radzicki, Wieslaw"]
[Result "0-1"]
[WhiteElo "1830"]
[BlackElo "1975"]
[PlyCount "84"]
[EventDate "2008.08.19"]
[EventType "swiss"]
[EventRounds "10"]
[EventCountry "POL"]
[SourceTitle "CBM 126 Extra"]
[Source "ChessBase"]
[SourceDate "2008.11.05"]
[SourceVersion "1"]
[SourceVersionDate "2008.11.05"]
[SourceQuality "1"]

1. e4 c5 2. Nf3 e6 3. d4 cxd4 4. Nxd4 a6 5. Bd3 Qc7 6. Nc3 Nc6 7. Nb3 b5 8. 0-0 Nf6 9. f4 d6 10. Qe2 Be7 11. Bd2 b4 12. Nb1 0-0 13. a3 Rb8 14. axb4 Nxb4 15. Bxb4 Rxb4 16. Nc3 Bb7 17. Kh1 e5 18. f5 Ra8 19. Ra4 Rxa4 20. Nxa4 Bc6 21. Nc3 a5 22. Ra1 Qb6 23. Bb5 Nxe4 24. Bxc6 Nxc3 25. Qf3 Ra6 26. Bb7 Ra7 27. Qxc3 Qxb7 28. Rxa5 Rxa5 29. Nxa5 Qa6 30. h3 Qf1+ 31. Kh2 Qxf5 32. Qc7 Bf8 33. Nb3 g6 34. Qc4 e4 35. Nd4 Qe5+ 36. Kh1 d5 37. Nc6 Qd6 38. Qc3 Bg7 39. Nd4 Qa6 40. b4 Qf1+ 41. Kh2 Be5+ 42. g3 Qf2+ 0-1

[Event "Polanica Zdroj op-B 44th"]
[Site "Polanica Zdroj"]
[Date "2008.08.26"]
[Round "8"]
[White "Radzicki, Wieslaw"]
[Black "Stankiewicz, Pawel"]
[Result "1-0"]
[WhiteElo "1975"]
[BlackElo "1809"]
[PlyCount "85"]
[EventDate "2008.08.19"]
[EventType "swiss"]
[EventRounds "10"]
[EventCountry "POL"]
[SourceTitle "CBM 126 Extra"]
[Source "ChessBase"]
[SourceDate "2008.11.05"]
[SourceVersion "1"]
[SourceVersionDate "2008.11.05"]
[SourceQuality "1"]

1. e4 c5 2. Nf3 d6 3. d4 cxd4 4. Nxd4 Nf6 5. Nc3 e6 6. Be3 a6 7. Be2 b5 8. a3 Bb7 9. f3 Be7 10. 0-0 0-0 11. Qd3 Nbd7 12. Nb3 d5 13. exd5 Nxd5 14. Bd4 Bf6 15. Nxd5 Bxd5 16. Rfd1 Qc7 17. Bxf6 Nxf6 18. Rd2 Bc4 19. Qe3 Bxe2 20. Qxe2 Rfd8 21. Rad1 Rd5 22. Rxd5 Nxd5 23. c3 Rd8 24. Qf2 Nf4 25. Rxd8+ Qxd8 26. Qd2 Qxd2 27. Nxd2 f5 28. g3 Nd3 29. b3 e5 30. Kf1 Kf7 31. Ke2 Nc5 32. b4 Nd7 33. c4 bxc4 34. Nxc4 Ke6 35. Kd3 g6 36. a4 Kd5 37. g4 fxg4 38. fxg4 Nf6 39. Ne3+ Ke6 40. g5 Ne8 41. b5 axb5 42. axb5 Kd6 43. Ke4 1-0

[Event "Polanica Zdroj op-B 44th"]
[Site "Polanica Zdroj"]
[Date "2008.08.24"]
[Round "6"]
[White "Radzicki, Wieslaw"]
[Black "Bednarczyk, Damian"]
[Result "0-1"]
[WhiteElo "1975"]
[BlackElo "1836"]
[PlyCount "66"]
[EventDate "2008.08.19"]
[EventType "swiss"]
[EventRounds "10"]
[EventCountry "POL"]
[SourceTitle "CBM 126 Extra"]
[Source "ChessBase"]
[SourceDate "2008.11.05"]
[SourceVersion "1"]
[SourceVersionDate "2008.11.05"]
[SourceQuality "1"]

1. e4 c5 2. Nf3 Nc6 3. d4 cxd4 4. Nxd4 Nf6 5. Nc3 d6 6. Be2 e5 7. Nb3 h6 8. Be3 Be7 9. h3 Be6 10. Qd2 0-0 11. f4 exf4 12. Bxf4 d5 13. e5 Ne4 14. Nxe4 dxe4 15. 0-0-0 Qc7 16. Qe3 Nb4 17. Qxe4 Nxa2+ 18. Kb1 Nb4 19. Bd3 Nxd3 20. Rxd3 Rac8 21. Rc1 Rfd8 22. Rg3 Kh8 23. Qe3 g5 24. h4 gxf4 25. Qxf4 Bf8 26. Nd4 Rxd4 27. Qxd4 Qc4 28. Qxa7 Bc5 29. Qa5 b6 30. Qa7 Qe4 31. b3 Ra8 32. Qc7 Qd4 33. c3 Bf5+ 0-1

[Event "Karpacz Karkonosze op"]
[Site "Karpacz"]
[Date "2008.07.02"]
[Round "8.3"]
[White "Siembab, Bartosz"]
[Black "Radzicki, Wieslaw"]
[Result "1-0"]
[WhiteElo "2191"]
[BlackElo "1958"]
[PlyCount "45"]
[EventDate "2008.06.27"]
[EventType "swiss"]
[EventRounds "9"]
[EventCountry "POL"]
[SourceTitle "EXT 2023"]
[Source "ChessBase"]
[SourceDate "2022.10.05"]
[SourceVersion "1"]
[SourceVersionDate "2022.10.05"]
[SourceQuality "1"]

1. e4 e6 2. d4 d5 3. Nc3 dxe4 4. Nxe4 Nf6 5. Nxf6+ Qxf6 6. Nf3 h6 7. Bd3 Bd7 8. Ne5 c5 9. Be3 Bd6 10. Nc4 Bc7 11. dxc5 Bc6 12. Qg4 Nd7 13. Be4 Bd5 14. Bxd5 exd5 15. Nd6+ Bxd6 16. cxd6 Qxb2 17. 0-0 Qf6 18. Bd4 Qg6 19. Rfe1+ Kd8 20. Qxg6 fxg6 21. Bxg7 Rh7 22. Re7 Nc5 23. Bd4 1-0

[Event "Karpacz Karkonosze op"]
[Site "Karpacz"]
[Date "2008.07.01"]
[Round "6.1"]
[White "Radzicki, Wieslaw"]
[Black "Cyborowski, Lukasz"]
[Result "0-1"]
[WhiteElo "1958"]
[BlackElo "2541"]
[PlyCount "134"]
[EventDate "2008.06.27"]
[EventType "swiss"]
[EventRounds "9"]
[EventCountry "POL"]
[SourceTitle "EXT 2023"]
[Source "ChessBase"]
[SourceDate "2022.10.05"]
[SourceVersion "1"]
[SourceVersionDate "2022.10.05"]
[SourceQuality "1"]

1. e4 c5 2. Nf3 e6 3. d4 cxd4 4. Nxd4 a6 5. g3 b5 6. Bg2 Bb7 7. 0-0 Qc7 8. Be3 Nf6 9. Nd2 Nc6 10. c3 Be7 11. h3 0-0 12. a3 Rfd8 13. f4 Na5 14. Bf2 Nc4 15. Nxc4 bxc4 16. Qe2 d5 17. e5 Ne4 18. Kh2 Rab8 19. Be3 Bc8 20. f5 exf5 21. Nxf5 Bxf5 22. Rxf5 g6 23. Rff1 Rb5 24. Bd4 Rdb8 25. Bxe4 dxe4 26. Rf2 e3 27. Qxe3 Rxb2 28. Ra2 Rxa2 29. Rxa2 Qc6 30. a4 Rb1 31. Rg2 h5 32. Qh6 Qe6 33. Qd2 Qf5 34. Qe2 h4 35. Qg4 hxg3+ 36. Qxg3 Rf1 37. Rf2 Rxf2+ 38. Qxf2 Qd7 39. Qc2 Qc6 40. Kg3 Bg5 41. Kg4 Bd8 42. Kg3 Bc7 43. Qg2 Qe6 44. Qe4 Kh7 45. Qh4+ Kg7 46. Kg2 Kg8 47. Qg4 Qe8 48. Qe4 Qe6 49. Qg4 Qxg4+ 50. hxg4 Kf8 51. Kf3 Ke7 52. Ke3 Ke6 53. Ke4 Bb8 54. Bc5 Bxe5 55. Bb4 Bg7 56. Ba5 Kd6 57. Bb4+ Kc6 58. Ba5 Bf6 59. Bb4 Bh8 60. Ba5 Kd6 61. Bb4+ Ke6 62. Ba5 Be5 63. Bb4 f5+ 64. gxf5+ gxf5+ 65. Ke3 Kd5 66. Ba5 Bb8 67. Bb4 Kc6 0-1

[Event "Karpacz Karkonosze op"]
[Site "Karpacz"]
[Date "2008.06.30"]
[Round "5.3"]
[White "Musialkiewicz, Jan"]
[Black "Radzicki, Wieslaw"]
[Result "0-1"]
[WhiteElo "2025"]
[BlackElo "1958"]
[PlyCount "68"]
[EventDate "2008.06.27"]
[EventType "swiss"]
[EventRounds "9"]
[EventCountry "POL"]
[SourceTitle "EXT 2023"]
[Source "ChessBase"]
[SourceDate "2022.10.05"]
[SourceVersion "1"]
[SourceVersionDate "2022.10.05"]
[SourceQuality "1"]

1. e4 c5 2. Nf3 e6 3. d4 cxd4 4. Nxd4 Nc6 5. Nb5 d6 6. c4 a6 7. N5a3 Nf6 8. Nc3 Be7 9. Be2 0-0 10. 0-0 Qb6 11. Nc2 Bd7 12. Bf4 Ne5 13. b4 Rac8 14. c5 Qc7 15. Ne3 dxc5 16. Nc4 Nf3+ 17. Bxf3 Qxf4 18. g3 Qc7 19. e5 cxb4 20. Ne2 Nd5 21. Rc1 Bc6 22. Qd4 Nc3 23. Nxc3 Bxf3 24. Nd6 bxc3 25. Nxc8 Rxc8 26. Qe3 Bh5 27. h3 h6 28. Kh2 Ba3 29. Rce1 Bb2 30. Qd4 Rd8 31. Qb4 Rd5 32. f4 a5 33. Qa4 b5 34. Qe4 Bg6 0-1

[Event "Karpacz Karkonosze op"]
[Site "Karpacz"]
[Date "2008.06.30"]
[Round "4.4"]
[White "Radzicki, Wieslaw"]
[Black "Brudzinski, Maciej"]
[Result "1-0"]
[WhiteElo "1958"]
[BlackElo "2104"]
[PlyCount "51"]
[EventDate "2008.06.27"]
[EventType "swiss"]
[EventRounds "9"]
[EventCountry "POL"]
[SourceTitle "EXT 2023"]
[Source "ChessBase"]
[SourceDate "2022.10.05"]
[SourceVersion "1"]
[SourceVersionDate "2022.10.05"]
[SourceQuality "1"]

1. e4 c5 2. Nf3 Nf6 3. e5 Nd5 4. d4 cxd4 5. Qxd4 e6 6. Bc4 Nc6 7. Qd1 Nb6 8. Bb3 Qc7 9. Bf4 f6 10. Qe2 Be7 11. Bg3 f5 12. Nc3 a6 13. h4 0-0 14. Bf4 Na5 15. 0-0-0 Nxb3+ 16. axb3 Rb8 17. Ng5 Na8 18. Qh5 h6 19. Qg6 hxg5 20. hxg5 Bf6 21. gxf6 Rxf6 22. Qe8+ Rf8 23. Rh8+ Kxh8 24. Qxf8+ Kh7 25. Rh1+ Kg6 26. Qe8# 1-0

[Event "Polanica Zdroj op-B 43rd"]
[Site "Polanica Zdroj"]
[Date "2007.08.26"]
[Round "10.28"]
[White "Radzicki, Wieslaw"]
[Black "Morzywolek, Pawel"]
[Result "1-0"]
[WhiteElo "1980"]
[BlackElo "1776"]
[PlyCount "147"]
[EventDate "2007.08.17"]
[EventType "swiss"]
[EventRounds "10"]
[EventCountry "POL"]
[SourceTitle "EXT 2023"]
[Source "ChessBase"]
[SourceDate "2022.10.05"]
[SourceVersion "1"]
[SourceVersionDate "2022.10.05"]
[SourceQuality "1"]

1. e4 e5 2. Nf3 Nc6 3. Bb5 a6 4. Ba4 Nf6 5. 0-0 b5 6. Bb3 Bb7 7. Ng5 d5 8. exd5 Nd4 9. Nf3 Nxb3 10. axb3 Bd6 11. Re1 0-0 12. d3 Nxd5 13. Nc3 Nxc3 14. bxc3 e4 15. Ng5 Qf6 16. d4 Qg6 17. h4 h6 18. h5 Qf5 19. Nh3 Rae8 20. Be3 Qd5 21. Qe2 Qf5 22. c4 bxc4 23. bxc4 Kh7 24. c5 Be7 25. Kh2 Rg8 26. Rh1 g5 27. hxg6+ Rxg6 28. Nf4 Rg4 29. g3 Reg8 30. Ng2 Bc8 31. Kg1 R8g6 32. Qd2 Bg5 33. Bxg5 Qxg5 34. Qe3 f5 35. Qxg5 R6xg5 36. Ne3 Rf4 37. Rh2 Rf3 38. Nf1 f4 39. Kg2 Bb7 40. c4 e3 41. d5 Rxf2+ 42. Kg1 Rxh2 43. Kxh2 e2 44. gxf4 Rh5+ 45. Kg2 exf1Q+ 46. Rxf1 Rf5 47. Rb1 Bxd5+ 48. cxd5 Rxd5 49. Ra1 Rxc5 50. Rxa6 Rc3 51. Re6 Kg7 52. Kf2 h5 53. Re7+ Kg6 54. Re6+ Kf5 55. Re5+ Kg4 56. Rg5+ Kh4 57. Rg1 Rc2+ 58. Kf3 Rc3+ 59. Ke4 Kh3 60. f5 Rc2 61. Kf3 Kh2 62. Rg5 h4 63. f6 Ra2 64. Kg4 Ra8 65. Kxh4 Rf8 66. Rf5 c5 67. Kg5 c4 68. Rc5 Rg8+ 69. Kf5 Rg2 70. Rxc4 Rf2+ 71. Rf4 Ra2 72. f7 Ra5+ 73. Kg6 Ra6+ 74. Rf6 1-0